[Event "DEM U10w 2019"]
[Site "Willingen GER"]
[Date "2019.06.12"]
[Round "7"]
[White "Stepanjan, Tatevik Mia"]
[Black "Wehling, Ida"]
[Result "0-1"]
[Termination "normal"]
[Board "16"]
[WhiteElo "940"]
[BlackElo "1093"]
[PlyCount "138"]
[WhiteFideId "16246128"]
[BlackFideId "16287452"]
[EventCountry "GER"]
[EventRounds "11"]
[EventType "swiss"]
[EventDate "2019.06.08"]

1. e4 e5 2. Nf3 Nc6 3. Nc3 Nf6 4. Bb5 Bb4 5. O-O d6 6. d3 Bd7 7. Bg5 h6 8. Bh4
a6 9. Bxc6 Bxc6 10. Nd5 Bxd5 11. exd5 g5 12. c3 Bc5 13. Bg3 Nxd5 14. Re1 c6 15.
d4 Ba7 16. dxe5 O-O 17. e6 f6 18. c4 Ne7 19. Bxd6 Qe8 20. Bxe7 Qxe7 21. Qd7
Rfe8 22. Qxe7 Rxe7 23. Rad1 Rae8 24. Rd7 Rxe6 25. Rxe6 Rxe6 26. Rxb7 Bd4 27. g3
Bc5 28. a3 g4 29. Nd2 Re2 30. b4 Bxf2+ 31. Kf1 Rxd2 32. Rc7 Bd4 33. Rxc6 Rxh2
34. Rxa6 Bc3 35. b5 Bd4 36. b6 Rb2 37. Ra8+ Kg7 38. a4 Rxb6 39. a5 Rb4 40. Rc8
Ra4 41. Rc7+ Kg6 42. c5 Rxa5 43. c6 Rc5 44. Ke2 Be5 45. Rc8 Bxg3 46. Kd3 Be5
47. Rg8+ Kf5 48. Rc8 Ke6 49. Re8+ Kd6 50. Rg8 g3 51. Ke3 Kxc6 52. Ke4 Rc2 53.
Kf3 Rc3+ 54. Kg2 Rc2+ 55. Kf3 Rf2+ 56. Ke3 Bf4+ 57. Kd3 g2 58. Rg4 Bh2 59. Ke3
g1=Q 60. Rxg1 Bxg1 61. Ke4 Kc5 62. Kd3 Rf4 63. Ke2 Ra4 64. Kf1 Ra2 65. Kxg1 Kd4
66. Kh1 Ke3 67. Kg1 Kf3 68. Kh1 Kg3 69. Kg1 Ra1# 0-1

[Event "DEM U10w 2019"]
[Site "Willingen GER"]
[Date "2019.06.12"]
[Round "7"]
[White "Kopylov, Diana"]
[Black "Le, Thao-Linh"]
[Result "0-1"]
[Termination "normal"]
[Board "18"]
[WhiteElo "922"]
[BlackElo "1014"]
[PlyCount "102"]
[WhiteFideId "16268865"]
[BlackFideId "16279131"]
[EventCountry "GER"]
[EventRounds "11"]
[EventType "swiss"]
[EventDate "2019.06.08"]

1. e4 e5 2. Nf3 Nf6 3. Nc3 Nc6 4. Bc4 Nxe4 5. Nxe4 d5 6. Bd3 dxe4 7. Bxe4 Bg4
8. c3 Bc5 9. O-O f5 10. Bxc6+ bxc6 11. d3 O-O 12. Re1 e4 13. Bg5 Bxf3 14. Bxd8
Bxd1 15. Raxd1 Raxd8 16. d4 Bd6 17. Re3 Bf4 18. Rh3 Rfe8 19. g3 Bg5 20. Re1 e3
21. f4 Bf6 22. Re2 g5 23. Rh6 Kg7 24. fxg5 Bxg5 25. Rxc6 Re7 26. h4 Bh6 27. Ra6
c5 28. dxc5 Rd2 29. Re1 e2 30. Kf2 Be3+ 31. Kf3 Bxc5 32. b4 Re3+ 33. Kf2 Re6+
34. bxc5 Rxa6 35. Ke3 Raxa2 36. c6 Rd6 37. c7 Rc6 38. Kf4 Rxc3 39. Kxf5 Rxc7
40. h5 Rf7+ 41. Kg5 Rf1 42. Rxe2 Rxe2 43. h6+ Kf7 44. Kh4 a5 45. g4 a4 46. g5
a3 47. Kg3 a2 48. Kh3 a1=Q 49. Kg4 Qe5 50. Kh3 Rh2+ 51. Kg4 Qf4# 0-1

[Event "DEM U10w 2019"]
[Site "Willingen GER"]
[Date "2019.06.12"]
[Round "7"]
[White "Tran, Hanna Emilie Mai Hoa"]
[Black "Matthes, Aimee"]
[Result "1-0"]
[Termination "normal"]
[Board "19"]
[WhiteElo "1010"]
[BlackElo "918"]
[PlyCount "43"]
[WhiteFideId "16267869"]
[BlackFideId "16287371"]
[EventCountry "GER"]
[EventRounds "11"]
[EventType "swiss"]
[EventDate "2019.06.08"]

1. e4 e5 2. Nf3 Nc6 3. Bc4 Bc5 4. d3 d6 5. h3 Be6 6. Bxe6 fxe6 7. Nc3 Qf6 8.
Bg5 Qf7 9. Qd2 h6 10. Be3 O-O-O 11. O-O-O b6 12. d4 exd4 13. Bxd4 Bb4 14. Qd3
e5 15. Be3 g5 16. a3 Bc5 17. Bxc5 dxc5 18. Qa6+ Kb8 19. Rxd8+ Nxd8 20. Nxe5
Qxf2 21. Nd7+ Ka8 22. Qc8# 1-0

[Event "DEM U10w 2019"]
[Site "Willingen GER"]
[Date "2019.06.12"]
[Round "7"]
[White "Engeln, Helene"]
[Black "Helber, Anna"]
[Result "1-0"]
[Termination "normal"]
[Board "20"]
[WhiteElo "825"]
[BlackElo "896"]
[PlyCount "57"]
[WhiteFideId "16287274"]
[BlackFideId "16287290"]
[EventCountry "GER"]
[EventRounds "11"]
[EventType "swiss"]
[EventDate "2019.06.08"]

1. e4 e5 2. Nf3 Nc6 3. Bc4 Bc5 4. c3 Nf6 5. d4 exd4 6. cxd4 Bb4+ 7. Nc3 Nxe4 8.
O-O Bxc3 9. d5 Ne5 10. Qe2 Nxc4 11. Qxe4+ Qe7 12. Qxc4 Be5 13. Re1 d6 14. Bf4
f6 15. Re3 O-O 16. Rc1 c6 17. dxc6+ Be6 18. Qb4 bxc6 19. Rxc6 Bxf4 20. Qxf4
Rfd8 21. Nd4 Qb7 22. Rxe6 Qxb2 23. h3 Qxa2 24. Qg4 Qa1+ 25. Kh2 a5 26. Re7 g6
27. Qe6+ Kh8 28. Qxf6+ Kg8 29. Qg7# 1-0

[Event "DEM U10w 2019"]
[Site "Willingen GER"]
[Date "2019.06.12"]
[Round "7"]
[White "Janssen, Julika"]
[Black "Marrufo, Emilia"]
[Result "1/2-1/2"]
[Termination "normal"]
[Board "21"]
[WhiteElo "839"]
[BlackElo "753"]
[PlyCount "41"]
[WhiteFideId "16287339"]
[BlackFideId "16287363"]
[EventCountry "GER"]
[EventRounds "11"]
[EventType "swiss"]
[EventDate "2019.06.08"]

1. e4 d5 2. exd5 Qxd5 3. Nc3 Qd8 4. d4 Nf6 5. Bc4 Nbd7 6. Nf3 Nb6 7. Bd3 Bg4 8.
Bg5 e6 9. O-O Bd6 10. h3 Bxf3 11. Qxf3 c6 12. Rfe1 O-O 13. Ne4 Be7 14. Qg3 Nxe4
15. Rxe4 Bxg5 16. Rg4 f6 17. f4 f5 18. Rxg5 Qxd4+ 19. Kh2 Rad8 20. Re1 Rfe8 21.
c3 1/2-1/2

[Event "DEM U10w 2019"]
[Site "Willingen GER"]
[Date "2019.06.15"]
[Round "11"]
[White "Ezold, Johanna Sophie"]
[Black "Wartenberg, Alissa"]
[Result "0-1"]
[Termination "normal"]
[Board "1"]
[WhiteElo "1076"]
[BlackElo "1291"]
[WhiteClock "00:55:43"]
[BlackClock "01:03:44"]
[PlyCount "52"]
[WhiteFideId "16275411"]
[BlackFideId "16280741"]
[EventCountry "GER"]
[EventRounds "11"]
[EventType "swiss"]
[EventDate "2019.06.08"]

1. e4 {[%clk 1:15:58]} 1... e5 {[%clk 1:15:55]} 2. Nf3 {[%clk 1:16:17]} 2...
Nc6 {[%clk 1:16:20]} 3. Bc4 {[%clk 1:16:32]} 3... Nf6 {[%clk 1:16:42]} 4. d3 {
[%clk 1:16:46]} 4... Bc5 {[%clk 1:16:47]} 5. O-O {[%clk 1:17:04]} 5... O-O {
[%clk 1:17:02]} 6. c3 {[%clk 1:17:27]} 6... d6 {[%clk 1:15:43]} 7. Re1 { [%clk
1:17:33]} 7... a6 {[%clk 1:15:41]} 8. b4 {[%clk 1:17:40]} 8... Ba7 { [%clk
1:16:04]} 9. Na3 {[%clk 1:17:09]} 9... Re8 {[%clk 1:15:51]} 10. Qb3 { [%clk
1:16:51]} 10... Be6 {[%clk 1:15:41]} 11. Bxe6 {[%clk 1:16:58]} 11... fxe6
{[%clk 1:15:53]} 12. Bd2 {[%clk 1:16:48]} 12... d5 {[%clk 1:16:03]} 13. exd5 {
[%clk 1:16:56]} 13... exd5 {[%clk 1:16:24]} 14. Bg5 {[%clk 1:16:03]} 14... Rf8
{[%clk 1:13:27]} 15. Nxe5 {[%clk 1:14:57]} 15... Nxe5 {[%clk 1:08:03]} 16. Rxe5
{[%clk 1:14:51]} 16... c6 {[%clk 1:08:21]} 17. Rae1 {[%clk 1:12:59]} 17... Qc7
{[%clk 1:06:07]} 18. Bf4 18... Ng4 {[%clk 1:05:34]} 19. Rf5 {[%clk 1:09:10]}
19... Qd7 {[%clk 1:04:56]} 20. Rxf8+ {[%clk 1:08:57]} 20... Rxf8 { [%clk
1:05:20]} 21. Bg3 {[%clk 1:09:00]} 21... Bxf2+ {[%clk 1:04:22]} 22. Bxf2 {[%clk
1:05:42]} 22... Rxf2 {[%clk 1:04:14]} 23. h3 {[%clk 1:05:53]} 23... Qd6 {[%clk
1:03:07]} 24. hxg4 {[%clk 0:58:05]} 24... Qg3 {[%clk 1:03:19]} 25. Re8+ {[%clk
0:57:46]} 25... Kf7 {[%clk 1:03:44]} 26. Qc2 {[%clk 0:55:43]} 26... Qxg2# 0-1

[Event "DEM U10w 2019"]
[Site "Willingen GER"]
[Date "2019.06.15"]
[Round "11"]
[White "Mirnaya, Veronika"]
[Black "Halas, Neele Zoe"]
[Result "1-0"]
[Termination "normal"]
[Board "2"]
[WhiteElo "1237"]
[BlackElo "1109"]
[WhiteClock "00:10:19"]
[BlackClock "00:09:12"]
[PlyCount "133"]
[WhiteFideId "16277406"]
[BlackFideId "16287282"]
[EventCountry "GER"]
[EventRounds "11"]
[EventType "swiss"]
[EventDate "2019.06.08"]

1. d4 {[%clk 1:15:55]} 1... d5 {[%clk 1:15:54]} 2. Nf3 {[%clk 1:16:01]} 2...
Nf6 {[%clk 1:16:10]} 3. e3 {[%clk 1:16:07]} 3... e6 {[%clk 1:15:57]} 4. c3 {
[%clk 1:16:11]} 4... Be7 {[%clk 1:15:44]} 5. Bd3 {[%clk 1:16:22]} 5... O-O {
[%clk 1:13:37]} 6. O-O {[%clk 1:16:19]} 6... Nbd7 {[%clk 1:11:45]} 7. Nbd2 {
[%clk 1:15:49]} 7... c6 {[%clk 1:11:03]} 8. Re1 {[%clk 1:15:25]} 8... Re8 {
[%clk 1:10:10]} 9. e4 {[%clk 1:13:38]} 9... Nf8 {[%clk 1:03:22]} 10. e5 { [%clk
1:11:06]} 10... Nh5 {[%clk 0:58:14]} 11. Nf1 {[%clk 1:06:27]} 11... g6 { [%clk
0:53:51]} 12. Bh6 {[%clk 1:03:04]} 12... Ng7 {[%clk 0:53:43]} 13. Ng3 { [%clk
1:01:14]} 13... Bh4 {[%clk 0:47:32]} 14. Ne2 {[%clk 0:51:56]} 14... Nf5 { [%clk
0:42:51]} 15. Bxf8 {[%clk 0:47:11]} 15... Rxf8 {[%clk 0:43:04]} 16. Nxh4 {[%clk
0:45:23]} 16... Nxh4 {[%clk 0:43:20]} 17. Qd2 {[%clk 0:44:58]} 17... Kg7 {[%clk
0:40:56]} 18. Nf4 {[%clk 0:40:31]} 18... Nf5 {[%clk 0:34:33]} 19. g3 { [%clk
0:30:08]} 19... Bd7 {[%clk 0:31:54]} 20. h4 {[%clk 0:28:32]} 20... h5 { [%clk
0:27:55]} 21. Nh3 {[%clk 0:20:50]} 21... Rc8 {[%clk 0:23:53]} 22. Bxf5 { [%clk
0:18:50]} 22... exf5 {[%clk 0:24:08]} 23. Ng5 {[%clk 0:18:22]} 23... Be6 {[%clk
0:23:19]} 24. Qd3 {[%clk 0:17:36]} 24... Qd7 {[%clk 0:18:42]} 25. b3 { [%clk
0:16:43]} 25... f6 {[%clk 0:13:59]} 26. Nxe6+ {[%clk 0:15:22]} 26... Qxe6
{[%clk 0:12:44]} 27. exf6+ {[%clk 0:15:38]} 27... Qxf6 {[%clk 0:13:01]} 28. Re5
{[%clk 0:15:35]} 28... Rfe8 {[%clk 0:13:08]} 29. Rae1 {[%clk 0:15:35]} 29...
Rxe5 {[%clk 0:12:48]} 30. dxe5 {[%clk 0:15:30]} 30... Qe6 {[%clk 0:13:10]} 31.
Qd4 {[%clk 0:12:40]} 31... a6 {[%clk 0:11:35]} 32. Qb6 {[%clk 0:12:13]} 32...
Qe7 {[%clk 0:11:15]} 33. Qd4 {[%clk 0:11:42]} 33... Qe6 {[%clk 0:10:29]} 34.
Qc5 {[%clk 0:08:55]} 34... Re8 {[%clk 0:09:54]} 35. Kf1 {[%clk 0:08:04]} 35...
Qe7 {[%clk 0:09:59]} 36. Qxe7+ {[%clk 0:08:22]} 36... Rxe7 {[%clk 0:10:23]} 37.
f4 {[%clk 0:08:32]} 37... b6 {[%clk 0:10:16]} 38. Ke2 {[%clk 0:08:42]} 38...
Kf7 {[%clk 0:10:19]} 39. Kd3 {[%clk 0:08:40]} 39... Ke6 {[%clk 0:10:32]} 40.
Rd1 {[%clk 0:08:35]} 40... Kd7 {[%clk 0:10:39]} 41. c4 {[%clk 0:08:56]} 41...
dxc4+ {[%clk 0:10:17]} 42. Kxc4+ {[%clk 0:09:09]} 42... Kc7 {[%clk 0:10:29]}
43. Rd6 {[%clk 0:09:23]} 43... Rg7 {[%clk 0:10:13]} 44. a4 {[%clk 0:09:01]}
44... a5 {[%clk 0:10:23]} 45. b4 {[%clk 0:08:43]} 45... axb4 {[%clk 0:10:44]}
46. Kxb4 {[%clk 0:09:05]} 46... Rg8 {[%clk 0:07:47]} 47. Rf6 {[%clk 0:08:55]}
47... Rg7 {[%clk 0:07:48]} 48. a5 {[%clk 0:07:11]} 48... bxa5+ {[%clk 0:05:52]}
49. Kxa5 {[%clk 0:07:32]} 49... Kb7 {[%clk 0:05:39]} 50. e6 {[%clk 0:07:31]}
50... Kc7 {[%clk 0:05:07]} 51. Rf7+ {[%clk 0:07:56]} 51... Kd6 {[%clk 0:04:38]}
52. Rxg7 {[%clk 0:08:06]} 52... Kxe6 {[%clk 0:04:59]} 53. Rxg6+ {[%clk 0:08:29]
} 53... Kd5 {[%clk 0:05:18]} 54. Rg5 {[%clk 0:08:39]} 54... c5 {[%clk 0:05:34]}
55. Rxf5+ {[%clk 0:08:58]} 55... Ke4 {[%clk 0:05:56]} 56. Rxc5 {[%clk 0:09:22]}
56... Kf3 {[%clk 0:06:06]} 57. Rxh5 {[%clk 0:09:45]} 57... Kg2 58. f5 { [%clk
0:10:02]} 58... Kh3 {[%clk 0:06:41]} 59. f6 {[%clk 0:10:27]} 59... Kg4 { [%clk
0:07:00]} 60. f7 {[%clk 0:10:45]} 60... Kh3 {[%clk 0:07:23]} 61. f8=Q { [%clk
0:10:54]} 61... Kh2 {[%clk 0:07:28]} 62. g4 {[%clk 0:10:59]} 62... Kh3 { [%clk
0:07:50]} 63. Qf3+ {[%clk 0:10:38]} 63... Kh2 {[%clk 0:08:13]} 64. Re5 { [%clk
0:10:27]} 64... Kg1 {[%clk 0:08:33]} 65. Rb5 {[%clk 0:09:41]} 65... Kh2 { [%clk
0:08:51]} 66. Rb2+ {[%clk 0:10:07]} 66... Kg1 {[%clk 0:09:12]} 67. Qg2# { [%clk
0:10:19]} 1-0

[Event "DEM U10w 2019"]
[Site "Willingen GER"]
[Date "2019.06.15"]
[Round "11"]
[White "Haug, Mara"]
[Black "Trunz, Tamila"]
[Result "0-1"]
[Termination "normal"]
[Board "3"]
[WhiteElo "1097"]
[BlackElo "1273"]
[WhiteClock "00:05:43"]
[BlackClock "00:20:22"]
[PlyCount "72"]
[WhiteFideId "16259300"]
[BlackFideId "16267885"]
[EventCountry "GER"]
[EventRounds "11"]
[EventType "swiss"]
[EventDate "2019.06.08"]

1. e4 {[%clk 1:15:58]} 1... e5 {[%clk 1:15:50]} 2. Nf3 {[%clk 1:16:09]} 2...
Nc6 {[%clk 1:16:09]} 3. Bc4 {[%clk 1:15:52]} 3... Bc5 {[%clk 1:16:21]} 4. c3 {
[%clk 1:15:29]} 4... d6 {[%clk 1:16:11]} 5. d4 {[%clk 1:09:24]} 5... exd4 {
[%clk 1:15:48]} 6. cxd4 {[%clk 1:09:43]} 6... Bb4+ {[%clk 1:15:41]} 7. Nc3 {
[%clk 1:09:25]} 7... Bg4 {[%clk 1:15:16]} 8. Qd3 {[%clk 1:07:27]} 8... Nf6 {
[%clk 1:13:53]} 9. d5 {[%clk 0:59:22]} 9... Bxf3 {[%clk 1:12:50]} 10. Qxf3 {
[%clk 0:58:44]} 10... Ne5 {[%clk 1:11:58]} 11. Qe2 {[%clk 0:56:54]} 11... Qe7 {
[%clk 1:09:52]} 12. Bb3 {[%clk 0:53:06]} 12... Ng6 {[%clk 1:05:00]} 13. Bc2 {
[%clk 0:49:56]} 13... O-O {[%clk 1:03:35]} 14. O-O {[%clk 0:49:09]} 14... Bxc3
{[%clk 1:02:24]} 15. bxc3 {[%clk 0:48:13]} 15... Nxd5 {[%clk 0:57:46]} 16. c4 {
[%clk 0:43:42]} 16... Nf6 {[%clk 0:55:37]} 17. f4 {[%clk 0:40:23]} 17... Rfe8 {
[%clk 0:51:08]} 18. f5 {[%clk 0:39:33]} 18... Ne5 {[%clk 0:49:20]} 19. Bb2 {
[%clk 0:33:33]} 19... Rad8 {[%clk 0:47:10]} 20. Rab1 {[%clk 0:29:04]} 20... b6
{[%clk 0:46:05]} 21. Ba4 {[%clk 0:27:04]} 21... Ned7 {[%clk 0:43:45]} 22. Bxf6
{[%clk 0:26:18]} 22... Qxf6 {[%clk 0:43:45]} 23. Kh1 {[%clk 0:18:19]} 23... Qd4
{[%clk 0:41:57]} 24. Rf4 {[%clk 0:15:17]} 24... Re7 {[%clk 0:34:10]} 25. Qg4 {
[%clk 0:12:58]} 25... Nf6 {[%clk 0:28:23]} 26. e5 {[%clk 0:11:25]} 26... Qxe5 {
[%clk 0:27:13]} 27. Qf3 {[%clk 0:08:47]} 27... Qa5 {[%clk 0:21:51]} 28. Bb3 {
[%clk 0:07:03]} 28... Rde8 {[%clk 0:20:35]} 29. Kg1 {[%clk 0:06:03]} 29... Re1+
{[%clk 0:20:07]} 30. Rxe1 {[%clk 0:06:23]} 30... Rxe1+ {[%clk 0:20:22]} 31. Kf2
{[%clk 0:06:43]} 31... Qd2+ {[%clk 0:20:27]} 32. Kg3 {[%clk 0:06:32]} 32... Re3
{[%clk 0:20:17]} 33. Qxe3 {[%clk 0:05:33]} 33... Qxe3+ {[%clk 0:20:32]} 34. Rf3
{[%clk 0:05:42]} 34... Ne4+ {[%clk 0:20:05]} 35. Kg4 {[%clk 0:05:32]} 35...
Qg5+ {[%clk 0:20:25]} 36. Kh3 {[%clk 0:05:43]} 36... Qh5# {[%clk 0:20:22]} 0-1

[Event "DEM U10w 2019"]
[Site "Willingen GER"]
[Date "2019.06.15"]
[Round "11"]
[White "Jannicke, Svea"]
[Black "Glotz, Diana"]
[Result "0-1"]
[Termination "normal"]
[Board "4"]
[WhiteElo "1062"]
[BlackElo "1244"]
[WhiteClock "00:33:10"]
[BlackClock "00:14:20"]
[PlyCount "84"]
[WhiteFideId "16287320"]
[BlackFideId "16278500"]
[EventCountry "GER"]
[EventRounds "11"]
[EventType "swiss"]
[EventDate "2019.06.08"]

1. Nf3 {[%clk 1:15:57]} 1... d6 {[%clk 1:15:35]} 2. c4 {[%clk 1:16:17]} 2... e5
{[%clk 1:15:47]} 3. d3 {[%clk 1:16:40]} 3... Nf6 {[%clk 1:15:42]} 4. Nc3 {
[%clk 1:16:57]} 4... Bg4 {[%clk 1:15:28]} 5. g3 {[%clk 1:16:52]} 5... Nc6 {
[%clk 1:15:32]} 6. Bg2 {[%clk 1:17:13]} 6... Be7 {[%clk 1:15:37]} 7. b3 { [%clk
1:17:09]} 7... O-O {[%clk 1:15:25]} 8. O-O {[%clk 1:17:33]} 8... Qd7 { [%clk
1:13:02]} 9. Bb2 {[%clk 1:17:55]} 9... Bh3 {[%clk 1:12:42]} 10. Qd2 { [%clk
1:18:03]} 10... Bxg2 {[%clk 1:11:23]} 11. Kxg2 {[%clk 1:18:25]} 11... Ne8
{[%clk 1:09:37]} 12. Nd5 {[%clk 1:18:33]} 12... f5 {[%clk 0:58:59]} 13. Nxe7+ {
[%clk 1:17:58]} 13... Qxe7 {[%clk 0:58:32]} 14. e4 {[%clk 1:15:23]} 14... fxe4
{[%clk 0:55:09]} 15. dxe4 {[%clk 1:15:42]} 15... Qf6 {[%clk 0:54:17]} 16. Nh4 {
[%clk 1:07:40]} 16... Nd4 {[%clk 0:40:49]} 17. Bxd4 {[%clk 1:06:45]} 17... exd4
{[%clk 0:40:18]} 18. Rad1 {[%clk 1:05:23]} 18... c5 {[%clk 0:39:55]} 19. a3 {
[%clk 1:04:56]} 19... Qe5 {[%clk 0:38:54]} 20. f3 {[%clk 1:01:38]} 20... Rc8 {
[%clk 0:29:35]} 21. Qd3 {[%clk 0:50:38]} 21... Nf6 {[%clk 0:26:02]} 22. g4 {
[%clk 0:45:43]} 22... h5 {[%clk 0:18:30]} 23. h3 {[%clk 0:45:53]} 23... Rfe8 {
[%clk 0:14:42]} 24. Rde1 {[%clk 0:42:23]} 24... Qg5 {[%clk 0:14:51]} 25. Kg3 {
[%clk 0:40:57]} 25... hxg4 {[%clk 0:14:28]} 26. hxg4 {[%clk 0:41:42]} 26...
Qe5+ {[%clk 0:13:05]} 27. f4 {[%clk 0:41:12]} 27... Qe6 {[%clk 0:13:09]} 28.
Kf3 {[%clk 0:34:24]} 28... Qxg4+ {[%clk 0:13:13]} 29. Kf2 {[%clk 0:33:30]}
29... Qxh4+ {[%clk 0:13:32]} 30. Ke2 {[%clk 0:32:37]} 30... Qg4+ { [%clk
0:13:36]} 31. Kd2 {[%clk 0:31:49]} 31... Qe6 {[%clk 0:13:18]} 32. e5 { [%clk
0:30:29]} 32... Nd7 {[%clk 0:11:39]} 33. f5 {[%clk 0:29:39]} 33... Qh6+ { [%clk
0:11:45]} 34. Kd1 {[%clk 0:29:39]} 34... dxe5 {[%clk 0:11:49]} 35. Rh1 { [%clk
0:29:07]} 35... Qc6 {[%clk 0:11:05]} 36. Reg1 {[%clk 0:26:59]} 36... e4 { [%clk
0:10:46]} 37. Qg3 {[%clk 0:26:20]} 37... Re7 {[%clk 0:09:19]} 38. Qh4 { [%clk
0:24:20]} 38... Nf6 {[%clk 0:05:44]} 39. Qg5 {[%clk 0:24:00]} 39... e3 { [%clk
0:03:30]} 40. Rh6 {[%clk 0:22:47]} 40... Qf3+ {[%clk 0:03:24]} 41. Kc1 { [%clk
0:22:40]} 41... e2 {[%clk 0:14:20]} 42. Kd2 {[%clk 0:33:10]} 42... Qc3# 0-1

[Event "DEM U10w 2019"]
[Site "Willingen GER"]
[Date "2019.06.15"]
[Round "11"]
[White "Oellrich, Emma"]
[Black "Bauer, Laura Sophie"]
[Result "1-0"]
[Termination "normal"]
[Board "5"]
[WhiteElo "1484"]
[BlackElo "1356"]
[WhiteClock "00:23:54"]
[BlackClock "00:12:08"]
[PlyCount "105"]
[WhiteFideId "16268806"]
[BlackFideId "16253647"]
[EventCountry "GER"]
[EventRounds "11"]
[EventType "swiss"]
[EventDate "2019.06.08"]

1. e4 {[%clk 1:15:56]} 1... c5 {[%clk 1:15:48]} 2. Nf3 {[%clk 1:16:19]} 2... a6
{[%clk 1:16:06]} 3. Nc3 {[%clk 1:16:41]} 3... e6 {[%clk 1:16:09]} 4. d4 { [%clk
1:17:02]} 4... cxd4 {[%clk 1:16:13]} 5. Nxd4 {[%clk 1:17:23]} 5... Bb4 { [%clk
1:15:42]} 6. g3 {[%clk 1:14:57]} 6... Nf6 {[%clk 1:14:20]} 7. Bg2 { [%clk
1:13:52]} 7... O-O {[%clk 1:13:12]} 8. O-O {[%clk 1:13:50]} 8... Bxc3 { [%clk
1:11:47]} 9. bxc3 {[%clk 1:14:06]} 9... b5 {[%clk 1:10:26]} 10. e5 { [%clk
1:14:03]} 10... Nd5 {[%clk 1:10:11]} 11. Ne2 {[%clk 1:14:08]} 11... Bb7 { [%clk
1:09:02]} 12. Ba3 {[%clk 1:13:18]} 12... Re8 {[%clk 1:07:15]} 13. Rb1 { [%clk
1:13:20]} 13... Qc7 {[%clk 1:03:19]} 14. Bd6 {[%clk 1:12:03]} 14... Qc8 { [%clk
1:03:08]} 15. a4 {[%clk 1:11:12]} 15... Bc6 {[%clk 1:01:08]} 16. axb5 { [%clk
1:00:35]} 16... axb5 {[%clk 1:01:04]} 17. Qd2 {[%clk 0:55:19]} 17... h6 { [%clk
0:54:39]} 18. Nd4 {[%clk 0:55:10]} 18... Qb7 {[%clk 0:44:46]} 19. c4 { [%clk
0:54:40]} 19... Nc7 {[%clk 0:39:00]} 20. Bxc6 {[%clk 0:54:09]} 20... dxc6
{[%clk 0:36:20]} 21. cxb5 {[%clk 0:51:48]} 21... Nxb5 {[%clk 0:35:24]} 22. Nxb5
{[%clk 0:49:21]} 22... cxb5 {[%clk 0:31:46]} 23. c4 {[%clk 0:48:55]} 23... Qf3
{[%clk 0:27:12]} 24. cxb5 {[%clk 0:48:09]} 24... Rd8 {[%clk 0:25:35]} 25. Qb2 {
[%clk 0:43:31]} 25... g5 {[%clk 0:22:35]} 26. Qb3 {[%clk 0:42:38]} 26... Qg4 {
[%clk 0:19:55]} 27. Be7 {[%clk 0:42:22]} 27... Rd4 {[%clk 0:19:16]} 28. Bf6 {
[%clk 0:42:04]} 28... h5 {[%clk 0:19:09]} 29. Qe3 {[%clk 0:39:45]} 29... Re4 {
[%clk 0:16:33]} 30. Qb6 {[%clk 0:36:13]} 30... Nd7 {[%clk 0:13:45]} 31. Qb7 {
[%clk 0:36:20]} 31... Rf8 {[%clk 0:14:05]} 32. Be7 {[%clk 0:35:05]} 32... h4 {
[%clk 0:13:13]} 33. Bxf8 {[%clk 0:27:51]} 33... Qf3 {[%clk 0:11:41]} 34. Rbe1 {
[%clk 0:23:22]} 34... h3 {[%clk 0:09:04]} 35. Qxe4 {[%clk 0:18:35]} 35... Qxe4
{[%clk 0:09:21]} 36. Rxe4 {[%clk 0:18:48]} 36... Kxf8 {[%clk 0:09:34]} 37. Rb1
{[%clk 0:18:53]} 37... f5 {[%clk 0:09:31]} 38. exf6 {[%clk 0:19:11]} 38... Nxf6
{[%clk 0:09:51]} 39. Rxe6 {[%clk 0:19:33]} 39... Kf7 {[%clk 0:09:51]} 40. Rxf6+
{[%clk 0:19:52]} 40... Kxf6 {[%clk 0:10:10]} 41. b6 {[%clk 0:20:17]} 41... Kf5
{[%clk 0:10:29]} 42. b7 {[%clk 0:20:38]} 42... Kg4 {[%clk 0:10:29]} 43. b8=Q {
[%clk 0:20:58]} 43... Kf3 {[%clk 0:10:45]} 44. Qc8 {[%clk 0:21:14]} 44... Ke4 {
[%clk 0:11:04]} 45. Qxh3 {[%clk 0:21:38]} 45... Ke5 {[%clk 0:11:23]} 46. Rb5+ {
[%clk 0:21:47]} 46... Kf6 {[%clk 0:11:35]} 47. Qf5+ {[%clk 0:21:49]} 47... Ke7
{[%clk 0:11:58]} 48. Qxg5+ {[%clk 0:22:39]} 48... Kd6 {[%clk 0:12:02]} 49. Qd5+
{[%clk 0:23:02]} 49... Kc7 {[%clk 0:12:01]} 50. Qe6 50... Kd8 {[%clk 0:11:52]}
51. Qf7 {[%clk 0:23:32]} 51... Kc8 {[%clk 0:12:03]} 52. Rg5 {[%clk 0:23:54]}
52... Kd8 {[%clk 0:12:08]} 53. Rg8# 1-0

[Event "DEM U10w 2019"]
[Site "Willingen GER"]
[Date "2019.06.15"]
[Round "11"]
[White "Bakó, Isabella"]
[Black "Pröttel, Ela"]
[Result "1-0"]
[Termination "normal"]
[Board "7"]
[WhiteElo "1215"]
[BlackElo "1333"]
[PlyCount "129"]
[WhiteFideId "16287266"]
[BlackFideId "44582749"]
[EventCountry "GER"]
[EventRounds "11"]
[EventType "swiss"]
[EventDate "2019.06.08"]

1. d4 Nf6 2. Nf3 g6 3. Bg5 Bg7 4. Nbd2 O-O 5. e4 d6 6. Bc4 Nbd7 7. h4 h5 8. Qe2
a6 9. e5 Nh7 10. exd6 Nxg5 11. dxe7 Nxf3+ 12. Nxf3 Qe8 13. exf8=Q+ Qxf8 14. O-O
Bh6 15. Qd3 Nb6 16. Qxg6+ Qg7 17. Qxg7+ Kxg7 18. Bb3 f6 19. Rfe1 Kf8 20. Be6
Bxe6 21. Rxe6 Kf7 22. Rae1 Rc8 23. Re7+ Kg6 24. R1e6 Kf5 25. Re8 Bf4 26. Rxc8
Nxc8 27. Re8 Nd6 28. Rh8 Kg6 29. d5 Nf7 30. Re8 Nd6 31. Rg8+ Kh7 32. Rf8 Kg7
33. Rd8 Nf7 34. Rd7 Kg6 35. Kf1 Bd6 36. Ke2 Ne5 37. Nxe5+ Bxe5 38. c3 Kf5 39.
Kf3 Bd6 40. b4 Be5 41. c4 Bd6 42. c5 Be5 43. d6 Ke6 44. Rxc7 f5 45. Rxb7 Bf6
46. Ra7 Bd8 47. Rxa6 Kd7 48. b5 Ke6 49. Ra7 Kd5 50. b6 Bxb6 51. cxb6 Kxd6 52.
Kf4 Kc6 53. b7 Kc7 54. Kxf5 Kb8 55. Ra8+ Kxb7 56. Rd8 Kc7 57. Rd1 Kc6 58. g4
hxg4 59. Kxg4 Kc5 60. h5 Kc4 61. h6 Kc3 62. h7 Kb2 63. h8=Q+ Kxa2 64. Qb8 Ka3
65. Ra1# 1-0